[Event "Czech Open G1 Rapid 2013"]
[Site "Pardubice CZE"]
[Date "2013.07.17"]
[Round "1.20"]
[White "Trjapishko,A"]
[Black "Geller,J"]
[Result "0-1"]
[WhiteElo "2221"]
[BlackElo "2549"]

1.e4 c5 2.Nf3 e6 3.d4 cxd4 4.Nxd4 Nc6 5.Nc3 Qc7 6.Be3 a6 7.Qd2 Nf6 8.O-O-O Be7
9.f3 b5 10.g4 O-O 11.g5 Nh5 12.Nce2 Rd8 13.Bh3 g6 14.Bg4 e5 15.Bxh5 Nxd4
16.Nxd4 exd4 17.Bf4 Qc4 18.b3 Qc5 19.Bg4 d5 20.Qxd4 Bxg4 21.fxg4 dxe4 22.Qxe4 Bxg5
23.Bxg5 Qxg5+ 24.Kb1 Rac8 25.Rxd8+ Rxd8 26.h4 Qd5 27.Re1 Kg7 28.g5 Rd7 29.Qf4 Qd4
30.Re4 Qc3 31.Qc1 Rd2 32.Rf4 Rh2 33.a4 Kg8 34.Qd1 Rd2 35.Qc1 Re2 36.Qb2 Qe1+
37.Qc1 Qc3 38.Qb2 Qe1+ 39.Qc1 Qg3 40.Rd4 bxa4 41.Rd8+ Kg7 42.Qa3 Re1+ 43.Ka2 axb3+
44.Qxb3 Qe5 45.Qb2 Qxb2+ 46.Kxb2 Re4 47.Kb3 Rxh4 48.c4 Rg4 49.Rd5 h6 50.gxh6+ Kxh6
51.c5 Rg1 52.Rd4 Rb1+ 53.Kc4 f5 54.c6 g5 55.Kd5 Rb8 56.Ke6 f4 57.c7 Rc8 58.Kd7 Rxc7+
59.Kxc7 f3 60.Kd7 f2 61.Rd6+ Kg7 62.Rd1 g4  0-1

[Event "Czech Open G1 Rapid 2013"]
[Site "Pardubice CZE"]
[Date "2013.07.17"]
[Round "1.40"]
[White "Novosadova,K"]
[Black "Westerberg,J"]
[Result "0-1"]
[WhiteElo "2179"]
[BlackElo "2410"]

1.e4 c5 2.Nf3 e6 3.d4 cxd4 4.Nxd4 Nc6 5.Nc3 Qc7 6.Be3 a6 7.a3 Nf6 8.Be2 Be7
9.O-O O-O 10.f4 d6 11.Bf3 Nxd4 12.Bxd4 e5 13.Be3 exf4 14.Bxf4 Be6 15.Kh1 Rfe8
16.Qd4 Nd7 17.Rad1 Ne5 18.Nd5 Bxd5 19.Qxd5 Bf8 20.c3 Rac8 21.Rd2 b5 22.Bd1 Qc4
23.Kg1 Qxd5 24.Rxd5 Nc4 25.Bb3 Nxb2 26.Bxd6 Rxc3 27.Ba2 Nc4 28.e5 g6 29.a4 Rc2
30.Bb3 Rb2 31.Rd3 Rxb3 32.Rxb3 Nd2 33.Rb4 Nxf1 34.Kxf1 Rxe5 35.Rd4 Bxd6 36.Rxd6 Re6
37.Rd8+ Kg7 38.Rb8 Re5 39.Rb6 bxa4 40.Rxa6 Re4 41.Kf2 Rb4 42.Kf3 Rb3+ 43.Kf2 a3
44.h3 h5 45.h4 Rc3 46.g3 Rc2+ 47.Kf3 a2 48.Ke3 Kf8 49.Kf4 Rf2+ 50.Ke3 Rh2
51.Kf4 Ke7 52.Ke5 Re2+ 53.Kf4 Rb2 54.Ke5 Re2+ 55.Kf4 Kd7 56.Kf3 Rb2 57.Ke4 Kc7
58.Ke5 Kb7 59.Ra3 Kb6 60.Kf6 Rf2+ 61.Kg7 Kb5 62.Ra7 Kc4 63.Kh6 Kb3  0-1

[Event "Czech Open G1 Rapid 2013"]
[Site "Pardubice CZE"]
[Date "2013.07.17"]
[Round "2.29"]
[White "Sochacki,C"]
[Black "Vala,F"]
[Result "1-0"]
[WhiteElo "2459"]
[BlackElo "2110"]

1.e4 c5 2.Nf3 e6 3.d4 cxd4 4.Nxd4 Nc6 5.Nc3 a6 6.Be2 Qc7 7.O-O Nf6 8.Be3 Bb4
9.Na4 Bd6 10.g3 h5 11.f4 Be7 12.c4 Nxe4 13.Bxh5 b5 14.Bf3 Nd6 15.cxb5 axb5
16.Nxc6 dxc6 17.Nb6 Rb8 18.Nxc8 Rxc8 19.Rc1 Nc4 20.Qe2 Nxe3 21.Bxc6+ Qxc6
22.Rxc6 Rxc6 23.Qxb5 Kd7 24.Rc1 Rc8 25.a4 Rc7 26.a5 Kd6 27.Rxc6+ Rxc6 28.a6 Nd5
29.a7 Nc7 30.Qe5+  1-0

[Event "Czech Open G1 Rapid 2013"]
[Site "Pardubice CZE"]
[Date "2013.07.17"]
[Round "2.5"]
[White "Bures,J"]
[Black "Hracek,Z"]
[Result "1/2-1/2"]
[WhiteElo "2379"]
[BlackElo "2635"]

1.e4 c5 2.Nf3 e6 3.d4 cxd4 4.Nxd4 Nc6 5.Nc3 a6 6.Nxc6 bxc6 7.Bd3 d5 8.O-O Nf6
9.Qe2 Be7 10.b3 O-O 11.Bb2 Bb7 12.e5 Nd7 13.Na4 c5 14.c4 d4 15.f4 Nb6 16.Nxb6 Qxb6
17.Bc2 a5 18.a4 f5 19.exf6 Bxf6 20.Rae1 Rae8 21.Bc1 g6 22.Qd1 Rd8 23.Be4 Bxe4
24.Rxe4 d3 25.Rf3 Qc6 26.Re1 Bc3 27.Bd2 Bxd2 28.Qxd2 Qd6 29.Rd1 Qd4+ 30.Kh1 e5
31.Rxd3 Qxd3 32.Qxd3 Rxd3 33.Rxd3 Rxf4 34.Kg1 Rd4 35.Re3 e4 36.Rg3 Rd3 37.Rg5 Rxb3
38.Rxc5  1/2-1/2

[Event "10th South Wales Int 2013"]
[Site "Penarth WLS"]
[Date "2013.07.17"]
[Round "7.11"]
[White "Kett,T"]
[Black "Bridges,P"]
[Result "1-0"]
[WhiteElo "2230"]
[BlackElo "1851"]

1.e4 c5 2.Nf3 e6 3.d4 cxd4 4.Nxd4 Nc6 5.Nc3 a6 6.Be2 Qc7 7.O-O Nf6 8.Kh1 b5
9.f4 b4 10.e5 bxc3 11.exf6 gxf6 12.bxc3 Bb7 13.Bf3 Na5 14.Rb1 d5 15.Be3 Nc4
16.Qe2 Be7 17.Rxb7 Qxb7 18.Qxc4 O-O 19.Qe2 Rfc8 20.c4 Qb2 21.cxd5 Bd6 22.dxe6  1-0

[Event "28th Gniot Mem 2013"]
[Site "Police POL"]
[Date "2013.07.17"]
[Round "8.8"]
[White "Jacek,K"]
[Black "Schmidt,Wl"]
[Result "0-1"]
[WhiteElo "2139"]
[BlackElo "2371"]

1.e4 c5 2.Nf3 e6 3.d4 cxd4 4.Nxd4 Nc6 5.Nc3 Qc7 6.Be3 a6 7.Be2 Nf6 8.O-O Be7
9.Kh1 d6 10.f4 O-O 11.Qe1 Nxd4 12.Bxd4 b5 13.a3 Bb7 14.Qg3 Rad8 15.Bd3 Rd7
16.e5 Nh5 17.Qh3 g6 18.Rae1 dxe5 19.Bxe5 Bd6 20.Be4 f5 21.Bxb7 Qxb7 22.Qe3 Re8
23.Rd1 Qc6 24.Rd3 Bc5 25.Qd2 Red8 26.Rff3 Bb6 27.Rxd7 Rxd7 28.Rd3 Qc5 29.Qe1 Rxd3
30.cxd3 Kf7 31.d4 Qc6 32.Qd1 Nf6 33.Bxf6 Kxf6 34.d5 Qc5 35.dxe6 Kxe6 36.Qb3+ Qc4
37.Qxc4+ bxc4 38.g3 Be3 39.Kg2 Bc1 40.Na4 Kd5 41.Kf3 Kc6 42.g4 fxg4+ 43.Kxg4 Kb5
44.Nc3+ Ka5 45.Nd1 Ka4 46.Kg5 Kb3 47.Kh6 Bxf4+ 48.Kxh7 g5  0-1

[Event "XV Sant Marti Open A"]
[Site "Barcelona ESP"]
[Date "2013.07.18"]
[Round "6.43"]
[White "Hernandez,Z"]
[Black "Jaramillo Ochoa,M"]
[Result "0-1"]
[WhiteElo "1998"]
[BlackElo "2074"]

1.e4 c5 2.Nf3 Nc6 3.Nc3 e6 4.d4 cxd4 5.Nxd4 Nf6 6.g3 Bb4 7.Bg2 O-O 8.O-O a6
9.Nde2 Be7 10.h3 d6 11.g4 Qc7 12.Ng3 b5 13.b3 Rd8 14.g5 Nd7 15.Nce2 Bf8 16.Bb2 e5
17.a4 bxa4 18.Rxa4 Nb6 19.Ra1 Be6 20.c4 Nd7 21.Bc3 a5 22.f4 Qb6+ 23.Kh1 exf4
24.Nxf4 Nde5 25.Nd5 Qb7 26.Nf5 Rab8 27.Rb1 a4 28.Bxe5 Nxe5 29.b4 Bxd5 30.Qxd5 Qxd5
31.cxd5 a3 32.Ra1 Rxb4 33.Rf2 Rb2 34.Kg1 Nd3 35.Rf3 a2 36.Bf1 Nc1 37.Bc4 Rb1  0-1

[Event "Czech Open G1 Rapid 2013"]
[Site "Pardubice CZE"]
[Date "2013.07.18"]
[Round "4.30"]
[White "Novotny,M1"]
[Black "Schlosser,P"]
[Result "1/2-1/2"]
[WhiteElo "2293"]
[BlackElo "2602"]

1.e4 c5 2.Nf3 Nc6 3.d4 cxd4 4.Nxd4 e6 5.Nc3 Qc7 6.Nxc6 bxc6 7.Bd3 Nf6 8.O-O d5
9.Qe2 Be7 10.f4 O-O 11.e5 Nd7 12.Kh1 Nc5 13.Rf3 Nxd3 14.cxd3 f6 15.d4 c5
16.Be3 fxe5 17.fxe5 cxd4 18.Rxf8+ Bxf8 19.Bxd4 Bd7 20.Rf1 Be7 21.Qa6 Qc6
22.Qxc6 Bxc6 23.Kg1 a5 24.Rc1 a4 25.Ne4 dxe4 26.Rxc6 Rd8 27.Be3 a3 28.bxa3 Rd3
29.Kf2 Rxa3 30.Rc2 Kf7 31.Bc1 Ra5 32.Bf4 Kg6 33.Bg3 Kf5 34.Ke2 Bg5 35.Be1 Ra3
36.Bc3 Bf4 37.g3 Bxe5 38.Bb4 Ra4 39.a3 Bd4 40.Rc4 e5 41.Rc7 Ra7 42.Rxa7 Bxa7
43.h3 Ke6 44.a4 Kd5 45.a5 Kc4 46.Bd6 Kd5 47.Bf8 g6 48.Bh6 Bd4 49.Bg5 Kc6
50.Bd8 Kb5 51.g4 Ka6 52.Bc7 Kb7 53.Bd8 Ka6 54.Bc7 Kb7  1/2-1/2

[Event "Czech Open G1 Rapid 2013"]
[Site "Pardubice CZE"]
[Date "2013.07.18"]
[Round "5.7"]
[White "Hracek,Z"]
[Black "Akesson,R"]
[Result "1/2-1/2"]
[WhiteElo "2635"]
[BlackElo "2469"]

1.e4 c5 2.Nf3 e6 3.d4 cxd4 4.Nxd4 Nc6 5.Nc3 Qc7 6.Be3 a6 7.Qd2 Nf6 8.O-O-O Be7
9.f4 b5 10.e5 b4 11.exf6 bxc3 12.Qxc3 Bxf6 13.g4 h6 14.Bg2 Bb7 15.Rhg1 Rc8
16.Kb1 Nxd4 17.Qxc7 Rxc7 18.Bxd4 Bxd4 19.Rxd4 Ke7 20.Ra4 Bxg2 21.Rxg2 Rc6
22.h4 d5 23.b3 Rb8 24.Kb2 Rb5 25.h5 a5 26.g5 Rc4 27.Rxc4 dxc4 28.Kc3 cxb3
29.axb3 Rf5 30.Rg4 e5 31.gxh6 gxh6 32.fxe5 Rxe5 33.Rh4 Kf6 34.Kd4 Rb5 35.Rf4+ Ke6
36.Re4+ Kd6 37.Rf4 Ke6 38.Re4+ Kd6  1/2-1/2

[Event "Czech Open G1 Rapid 2013"]
[Site "Pardubice CZE"]
[Date "2013.07.18"]
[Round "5.52"]
[White "Wagener,Cl"]
[Black "Sirkova,D"]
[Result "1-0"]
[WhiteElo "2240"]
[BlackElo "1986"]

1.e4 c5 2.Nf3 e6 3.Nc3 Nc6 4.d4 cxd4 5.Nxd4 Qc7 6.Be3 a6 7.Bd3 Nf6 8.O-O h5
9.Nxc6 bxc6 10.h3 d5 11.Qe2 a5 12.Bg5 d4 13.Na4 Nd7 14.c3 f6 15.Bd2 dxc3
16.Bxc3 Qf4 17.Bd2 Qe5 18.Rac1 Bd6 19.g3 Qd4 20.Rc4 Qa7 21.Be3 Qc7 22.f4 g5
23.e5 fxe5 24.Bg6+ Kd8 25.Qc2 gxf4 26.Rxc6 Qb8 27.Nb6 fxe3 28.Rxc8+ Qxc8
29.Nxc8 Bc5 30.Kg2 Rxc8 31.Qd3 Bd4 32.Rf7 Rb8 33.b3 Nc5 34.Qe2 h4 35.Qg4 Kc8
36.Bd3 Rb6 37.Bc4 hxg3 38.Ra7 Nb7 39.Ra8+ Kc7 40.Rxh8 Nd6 41.Qxe6 Nxc4 42.Rc8+ Kb7
43.Qd7+ Ka6 44.Ra8+  1-0

[Event "Czech Open G1 Rapid 2013"]
[Site "Pardubice CZE"]
[Date "2013.07.18"]
[Round "6.55"]
[White "Rjabzev,K"]
[Black "Vala,F"]
[Result "0-1"]
[WhiteElo "2290"]
[BlackElo "2110"]

1.e4 c5 2.Nf3 e6 3.d4 cxd4 4.Nxd4 Nc6 5.Nc3 a6 6.Nxc6 bxc6 7.e5 f5 8.f4 Bc5
9.Qh5+ g6 10.Qf3 Ne7 11.Bd2 Rb8 12.Na4 Bb4 13.c3 Ba5 14.O-O-O Bb7 15.Qf2 Nd5
16.c4 Bb6 17.Qg3 Ne7 18.h4 h5 19.Qg5 Rg8 20.Rh3 c5 21.Rb3 Ba7 22.Be1 Bc6
23.Nc3 Rxb3 24.axb3 a5 25.Kc2 Nc8 26.Qh6 Kf7 27.Ra1 Bb6 28.Bf2 Qe7 29.Qg5 Qxg5
30.hxg5 Na7 31.g3 Rb8 32.Bd3 Ke7 33.Nb1 Kd8 34.Be1 Bf3 35.Nd2 Bg2 36.Bf1 Bh1
37.Bf2 Ra8 38.Be2 Bb7 39.Nf3 Ke7 40.Nh4 Kf7 41.Rd1 Rd8 42.Bf3 Bxf3 43.Nxf3 Nc6
44.Ne1 Nb4+ 45.Kb1 Ke7 46.Nc2 Nc6 47.Na3 Nd4 48.Bxd4 cxd4 49.Nb5 Rh8 50.Rh1 d3
51.Rh2 Bg1 52.Rg2 Be3 53.Nc3 h4 54.Nd1 h3 55.Rh2 Bg1 56.Rh1 h2 57.Kc1 Rh3
58.Kd2 Rxg3 59.Nc3 Be3+ 60.Kxd3 Bxf4+ 61.Ke2 Rg1  0-1

[Event "Czech Open G1 Rapid 2013"]
[Site "Pardubice CZE"]
[Date "2013.07.18"]
[Round "7.13"]
[White "Bures,J"]
[Black "Lalic,B"]
[Result "1/2-1/2"]
[WhiteElo "2379"]
[BlackElo "2489"]

1.e4 c5 2.Nf3 e6 3.d4 cxd4 4.Nxd4 Nc6 5.Nc3 Qc7 6.Be3 Nf6 7.f4 Nxd4 8.Qxd4 b6
9.e5 Ng4 10.Bg1 Bb7 11.O-O-O Rc8 12.Bb5 Bc6 13.Bxc6 Qxc6 14.h3 Bc5 15.Qd2 Bxg1
16.Rhxg1 Nh6 17.g4 f5 18.exf6 gxf6 19.f5 Nf7 20.fxe6 dxe6 21.Rgf1 Rd8 22.Qf2 Rxd1+
23.Nxd1 e5 24.Qxf6 Qxf6 25.Rxf6 h5 26.gxh5 Rxh5 27.Nf2 Rg5 28.Kd2 Ke7 29.Rc6 Kd7
30.Rf6 Ke7 31.Rf3 Nd6 32.b3 Ke6 33.Ng4 Nf5 34.Kd3 Rg8 35.c3 Rd8+ 36.Ke4 Nd6+
37.Ke3 Nf5+ 38.Ke4 Nd6+ 39.Ke3 Nf5+ 40.Ke2 b5 41.Ne3 Nd6 42.Ng4 Nf5 43.Rd3 Rc8
44.Nf2 Rg8 45.b4  1/2-1/2

[Event "Czech Open G1 Rapid 2013"]
[Site "Pardubice CZE"]
[Date "2013.07.18"]
[Round "8.17"]
[White "Bures,J"]
[Black "Mozharov,M"]
[Result "0-1"]
[WhiteElo "2379"]
[BlackElo "2495"]

1.e4 c5 2.Nf3 e6 3.d4 cxd4 4.Nxd4 Nc6 5.Nc3 Qc7 6.Be3 Nf6 7.f4 Bb4 8.Nb5 Qa5
9.e5 Nd5 10.Bd2 Nxc3 11.Bxc3 O-O 12.Qd2 f6 13.exf6 Rxf6 14.g3 d5 15.Bxb4 Nxb4
16.Nd4 Qb6 17.Bg2 Qxd4  0-1

[Event "Czech Open G1 Rapid 2013"]
[Site "Pardubice CZE"]
[Date "2013.07.18"]
[Round "9.36"]
[White "Novotny,M1"]
[Black "Vokoun,J"]
[Result "1-0"]
[WhiteElo "2293"]
[BlackElo "2160"]

1.e4 c5 2.Nf3 Nc6 3.Nc3 e6 4.d4 cxd4 5.Nxd4 Qb6 6.Nxc6 bxc6 7.Bd3 Nf6 8.O-O d5
9.Kh1 Be7 10.e5 Nd7 11.Qg4 g6 12.Qg3 Nc5 13.b3 Nxd3 14.cxd3 Ba6 15.Na4 Qd4
16.Be3 Qxd3 17.Rfd1 Qf5 18.Rac1 Ba3 19.Rxc6 Bb5 20.Rc7 Bxa4 21.bxa4 O-O 22.Bh6 Rfb8
23.Qxa3 Qh5 24.Qc1 Qxe5 25.Bf4 Qe4 26.Rxf7 Kxf7 27.Bxb8 Qxa4 28.Qf4+ Qxf4
29.Bxf4 Kg8  1-0

[Event "Czech Open G1 Rapid 2013"]
[Site "Pardubice CZE"]
[Date "2013.07.18"]
[Round "9.31"]
[White "Wagener,Cl"]
[Black "Kulicov,O"]
[Result "1-0"]
[WhiteElo "2240"]
[BlackElo "2453"]

1.e4 c5 2.Nf3 e6 3.Nc3 Nc6 4.d4 cxd4 5.Nxd4 Qc7 6.Be3 a6 7.Bd3 Nf6 8.O-O Bd6
9.f4 Nxd4 10.e5 Bc5 11.exf6 gxf6 12.Ne4 Bb6 13.Nxf6+ Ke7 14.Qh5 Nxc2 15.Bxb6 Qxb6+
16.Kh1 Qxb2 17.Nd5+ exd5 18.Bxc2 d6 19.Rae1+ Be6 20.f5 Raf8 21.Bb3 Qd4 22.fxe6 fxe6
23.Rxf8 Rxf8 24.Qxh7+ Rf7 25.Qh3 Qe4 26.Rc1 Qf4 27.Rg1 Qe4 28.Qc3 Kd7 29.Rc1 Qf4
30.Qc8+ Ke7 31.Rc7+ Kf6 32.Rxf7+ Kxf7 33.Qxb7+ Kf6 34.Qb6 d4 35.Qd8+ Ke5
36.Qh8+ Ke4 37.Qh7+ Ke3 38.Qh3+ Kd2 39.Qf3 Qe3 40.Qd1+ Kc3 41.h4 d3 42.h5 d2
43.Qf3  1-0

[Event "Czech Open G1 Rapid 2013"]
[Site "Pardubice CZE"]
[Date "2013.07.18"]
[Round "9.24"]
[White "Gutenev,A"]
[Black "Westerberg,J"]
[Result "1/2-1/2"]
[WhiteElo "2350"]
[BlackElo "2410"]

1.e4 c5 2.Nf3 e6 3.d4 cxd4 4.Nxd4 Nc6 5.Nc3 Nf6 6.Ndb5 Bb4 7.a3 Bxc3+ 8.Nxc3 d5
9.exd5 exd5 10.Bd3 O-O 11.O-O d4 12.Ne2 Bg4 13.f3 Bh5 14.Nf4 Bg6 15.Nxg6 hxg6
16.f4 Ne7 17.Qf3 Qd5 18.Bd2 Qxf3 19.Rxf3 Rfe8 20.Be1 Nf5 21.Bf2 Ne4 22.Re1 Nxf2
23.Rxe8+ Rxe8 24.Rxf2 Nd6 25.Re2 Rxe2 26.Bxe2 Kf8 27.Kf2 Ke7 28.Bf3 Nc4 29.Bxb7 Kd6
30.Ke2 Nxb2 31.Ba6 Kc5 32.g3 Na4 33.Kd3 Nc3 34.Bc4 f6 35.Bf7 g5 36.fxg5 fxg5
37.Bb3 a5 38.a4 Nb1 39.Ba2 Nc3 40.Bb3 Nb1 41.Ba2 Nc3 42.Bb3 Nd5 43.Bxd5 Kxd5
44.g4 Kc5 45.Ke4 Kc4 46.Ke5 Kc3 47.Ke4 Kxc2 48.Ke5 Kb3  1/2-1/2

[Event "Czech Open G1 Rapid 2013"]
[Site "Pardubice CZE"]
[Date "2013.07.18"]
[Round "9.20"]
[White "Savitskiy,S"]
[Black "Trjapishko,A"]
[Result "1/2-1/2"]
[WhiteElo "2351"]
[BlackElo "2221"]

1.e4 c5 2.Nf3 e6 3.d4 cxd4 4.Nxd4 Nc6 5.Nc3 d6 6.f4 a6 7.Be3 Bd7 8.Qf3 Qc7
9.O-O-O Nf6 10.g4 h6 11.h4 e5 12.Nf5 g6 13.g5 hxg5 14.hxg5 Rxh1 15.Qxh1 Ng4
16.Nd5 Qb8 17.Bb6 gxf5 18.Qh8 Be6 19.Bc7 Qa7 20.Bxd6 O-O-O 21.Bxf8 fxe4 22.Bh3 exf4
23.g6 fxg6 24.Qg7 Bxd5 25.Bxg4+ Kb8 26.Qf6 Ka8 27.Qxf4 Qb8 28.Qxb8+ Kxb8
29.Bh6 Kc7 30.Bf4+  1/2-1/2

[Event "28th Gniot Mem 2013"]
[Site "Police POL"]
[Date "2013.07.18"]
[Round "9.11"]
[White "Gajek,R"]
[Black "Jacek,K"]
[Result "0-1"]
[WhiteElo "2296"]
[BlackElo "2139"]

1.e4 c5 2.Nf3 e6 3.d4 cxd4 4.Nxd4 Nc6 5.Nc3 Qc7 6.Be3 a6 7.Be2 Nf6 8.O-O Be7
9.a4 O-O 10.f4 d6 11.Qe1 Bd7 12.Qg3 Nxd4 13.Bxd4 Bc6 14.a5 g6 15.f5 e5 16.Be3 Bxe4
17.fxg6 fxg6 18.Rxf6 Bxf6 19.Nxe4 Qxc2 20.Bf3 Qxb2 21.Qe1 Bh4 22.Qd1 Rad8
23.Bb6 d5 24.Bxd8 Rxd8 25.Ng3 e4 26.Bg4 Qe5 27.Rb1 h5 28.Be2 Rd7 29.Rb6 Kh7
30.Qb1 Qe7 31.Qf1 Bg5 32.Kh1 Qf7 33.Qxf7+ Rxf7 34.Rd6 h4 35.Rxd5 hxg3 36.Rxg5 Rf2
37.Bxa6 bxa6 38.hxg3 Rf5 39.Rg4 Re5 40.Rh4+ Kg7 41.Kg1 g5 42.Rh1 Rxa5 43.Kf2 Kf6
44.Ke3 Ke5 45.Rh8 Ra3+ 46.Kf2 Kf5 47.Re8 Ra2+ 48.Kf1 a5 49.Rf8+ Ke5 50.Rg8 Kd4
51.Rxg5 Ke3 52.Kg1 Ke2 53.Re5 e3 54.g4 Ra1+ 55.Kh2 Kd3 56.Rd5+ Ke4 57.Rd8 e2
58.Re8+ Kd3  0-1

[Event "28th Gniot Mem 2013"]
[Site "Police POL"]
[Date "2013.07.18"]
[Round "9.7"]
[White "Franzen,Joz"]
[Black "Maes,W"]
[Result "1/2-1/2"]
[WhiteElo "2299"]
[BlackElo "2265"]

1.e4 c5 2.Nf3 e6 3.d4 cxd4 4.Nxd4 Nc6 5.Nc3 Qc7 6.g3 a6 7.Bg2 Nf6 8.O-O d6
9.b3 Be7 10.Bb2 O-O 11.Rc1  1/2-1/2

[Event "XV Sant Marti Open A"]
[Site "Barcelona ESP"]
[Date "2013.07.19"]
[Round "7.13"]
[White "Prasca Sosa,R"]
[Black "Garcia Blanco,O"]
[Result "1/2-1/2"]
[WhiteElo "2426"]
[BlackElo "2253"]

1.e4 c5 2.Nf3 e6 3.Nc3 Nc6 4.d4 cxd4 5.Nxd4 Qc7 6.g3 a6 7.Bg2 Nf6 8.O-O Bc5
9.Nb3 Ba7 10.Qe2 Ne5 11.Be3 Bxe3 12.Qxe3 Nc4 13.Qc1 h5 14.Nd2 Ne5 15.Nf3 Nxf3+
16.Bxf3 h4 17.Qg5 hxg3 18.hxg3 Kf8 19.e5 Nh7 20.Qe3 Rb8 21.Rfd1 b5 22.Rd6 Bb7
23.Ne4 f5 24.exf6 Nxf6 25.Rad1 Bxe4 26.Bxe4 Qc4 27.Bf3 Qxc2 28.Rxa6 Rc8 29.Qf4 Qc4
30.Qg5 Rc5 31.Qe3 Ke7 32.Ra7 Rf5 33.Qd3 Qc5 34.Rb7 Rf8 35.b4 Qxb4 36.Qe3 Qc4
37.Be2 Qc6 38.Qb6 Qxb6 39.Rxb6 Nd5 40.Rb7 Rxf2 41.Bxb5 R2f3 42.Rxd7+ Kf6
43.Rd3 Kg6 44.Rxf3 Rxf3 45.a4 Rxg3+ 46.Kf2 Ra3 47.Ra7 Ra2+ 48.Kf3 Ra3+ 49.Kf2 Ra2+  1/2-1/2

[Event "Minsk Open 2013"]
[Site "Minsk BLR"]
[Date "2013.07.19"]
[Round "7.5"]
[White "Ter Sahakyan,S"]
[Black "Tunik,G"]
[Result "1/2-1/2"]
[WhiteElo "2582"]
[BlackElo "2435"]

1.e4 c5 2.Nf3 e6 3.d4 cxd4 4.Nxd4 Nc6 5.Nc3 a6 6.Be3 Nf6 7.Nxc6 bxc6 8.e5 Nd5
9.Nxd5 cxd5 10.Bd3 a5 11.Qe2 Qc7 12.Bd4 Bc5 13.Bxc5 Qxc5 14.O-O O-O 15.Rae1 f5
16.exf6 Rxf6 17.Kh1 Bb7 18.f4 Raf8 19.Qe5 Bc6 20.b3 d6 21.Qe2 Bd7 22.Qd2 g6
23.h3 Kg7 24.c3 Bb5 25.Bxb5 Qxb5 26.c4 dxc4 27.Qxd6 cxb3 28.axb3 Qxb3 29.Qc7+ Kg8
30.Qxa5 Rxf4 31.Rxf4 Rxf4 32.Qe5 Rf5 33.Qxe6+  1/2-1/2

[Event "6th Paleochora Open"]
[Site "Paleochora GRE"]
[Date "2013.07.19"]
[Round "1.9"]
[White "Popilski,G"]
[Black "Adamis,Petros"]
[Result "1-0"]
[WhiteElo "2506"]
[BlackElo "1611"]

1.Nf3 c5 2.e4 e6 3.d4 cxd4 4.Nxd4 Nc6 5.Nc3 Qc7 6.Be3 a6 7.f4 d6 8.Qf3 Nf6
9.O-O-O Be7 10.g4 Nd7 11.g5 b5 12.f5 Nce5 13.Qh3 Nc5 14.g6 fxg6 15.fxe6 Bb7
16.Nd5 Bxd5 17.exd5 Rc8 18.Bf4 Ne4 19.Qe3 Ng4 20.Qxe4 Nf2 21.Qf3 Nxd1 22.Qxd1 Rf8
23.Qd2 Qc5 24.Bg2 Bf6 25.Be3 Qc4 26.Kb1 Be5 27.Nc6 Bf4 28.b3 Bxe3 29.Qxe3 Qg4
30.Qa7  1-0

[Event "17th Battle of Senta"]
[Site "Senta SRB"]
[Date "2013.07.19"]
[Round "8.9"]
[White "Andrijevic,M"]
[Black "Miladinovic,L"]
[Result "1/2-1/2"]
[WhiteElo "2322"]
[BlackElo "2083"]

1.e4 c5 2.Nf3 e6 3.d4 cxd4 4.Nxd4 Nc6 5.Nc3 Qc7 6.Be2 Nf6 7.O-O Be7 8.Be3 O-O
9.f4 d6 10.Kh1 Nxd4 11.Qxd4 b6 12.Qd3 Bb7 13.Bd4 Rad8 14.Qg3 a6 15.a4 Rfe8
16.Bf3 Rd7 17.e5 dxe5 18.Bxe5 Qc8 19.Ne4 Qd8 20.a5 g6 21.Bxf6 Bxf6 22.axb6 Bxe4
23.Bxe4 Qxb6 24.f5 exf5 25.Bxf5 Rde7 26.Bd3 Qxb2 27.Rxa6 Be5 28.Qf3 Qb7 29.Qxb7 Rxb7
30.Re1 Rd8 31.g3 f6 32.Kg2 Kg7 33.Re4 Rd4 34.Rxd4 Bxd4 35.g4 h5 36.gxh5 gxh5
37.Rd6 Be5 38.Rd8 Kh6 39.h4 Kg7 40.Kf3 Rb4 41.Rd7+ Kf8 42.c4 Rb2 43.c5 Rh2
44.c6 Rh3+ 45.Ke4 Rxh4+ 46.Kf5 Rh3 47.Ke6 Re3 48.Rd8+ Kg7 49.Rd7+ Kf8 50.Bc4 h4
51.Rf7+ Ke8 52.Rh7 Kd8 53.Bd5 h3 54.Kf5 h2 55.Be4 Re1 56.Bd5 Re3 57.Be4 Re1  1/2-1/2

[Event "28th Avoine Open"]
[Site "Avoine FRA"]
[Date "2013.07.20"]
[Round "1.17"]
[White "Doluhanova,E"]
[Black "Dutreuil,R"]
[Result "1-0"]
[WhiteElo "2320"]
[BlackElo "2071"]

1.e4 c5 2.Nf3 e6 3.d4 cxd4 4.Nxd4 Nc6 5.Nc3 Qc7 6.Be3 a6 7.Bd3 Nf6 8.O-O Be7
9.Nb3 b5 10.f4 d6 11.Qf3 Bb7 12.Rae1 Rd8 13.Qh3 e5 14.a3 Nb8 15.Nd2 Nbd7
16.Nf3 Nc5 17.Nd2 h5 18.Qf3 Qc8 19.h3 Qa8 20.Bxc5 dxc5 21.fxe5 c4 22.exf6 gxf6
23.Nxc4 bxc4 24.Bxc4 Qa7+ 25.Kh1 Qc5 26.Bd5 Bc8 27.b4 Qc7 28.e5  1-0

[Event "15th TCh-Eur Senior"]
[Site "Dresden GER"]
[Date "2013.07.20"]
[Round "1"]
[White "Marks,I"]
[Black "Valenti,G"]
[Result "0-1"]
[WhiteElo "1981"]
[BlackElo "2185"]

1.e4 c5 2.Nc3 e6 3.Nf3 Nc6 4.d4 cxd4 5.Nxd4 Qc7 6.Be3 a6 7.Bd3 Nf6 8.O-O Be7
9.Kh1 d6 10.f4 Bd7 11.Nb3 b5 12.Qf3 Rc8 13.g4 h6 14.g5 hxg5 15.fxg5 Ne5 16.Qg2 Nfg4
17.Bf4 b4 18.Ne2 Nxd3 19.cxd3 e5 20.Bg3 Bxg5 21.Qf3 f6 22.d4 Qc2 23.dxe5 dxe5
24.Rfd1 Ne3 25.Rd2 Bg4 26.Qf2 Qxe4+ 27.Kg1 Nc4  0-1

[Event "31st Andorra Open"]
[Site "La Massana AND"]
[Date "2013.07.20"]
[Round "1.2"]
[White "Kafka,G"]
[Black "Rodshtein,M"]
[Result "0-1"]
[WhiteElo "2055"]
[BlackElo "2641"]

1.e4 c5 2.Nf3 e6 3.d4 cxd4 4.Nxd4 Nc6 5.Nc3 Qc7 6.g3 a6 7.Bg2 d6 8.O-O Bd7
9.Be3 Nf6 10.Qe2 Be7 11.Kh1 b5 12.a3 O-O 13.f4 Rac8 14.f5 Rfe8 15.g4 Nxd4
16.Bxd4 Qc4 17.Qd1 h6 18.h3 a5 19.fxe6 fxe6 20.e5 dxe5 21.Bxe5 Bc6 22.Rf2 b4
23.axb4 axb4 24.b3 Qc5 25.Bd4 Bxg2+ 26.Rxg2 Qc6 27.Na4 Red8 28.Qg1 Nd5 29.Rf1 Rf8
30.g5 hxg5 31.Rxf8+ Rxf8 32.Rxg5 Ne3+ 33.Kh2 Bd6+  0-1

[Event "7th LCT 2013"]
[Site "Leiden NED"]
[Date "2013.07.20"]
[Round "8.35"]
[White "De Bruijne,Arian"]
[Black "De Paolis,F"]
[Result "1-0"]
[WhiteElo "1941"]
[BlackElo "1897"]

1.e4 c5 2.Nf3 e6 3.d4 cxd4 4.Nxd4 Nc6 5.Nc3 Qc7 6.Be3 a6 7.Qd2 b5 8.O-O-O Bb7
9.Bf4 Bd6 10.Ndxb5 axb5 11.Nxb5 Qb6 12.Qxd6 O-O-O 13.Be3 Qa5 14.Na7+ Nxa7
15.Bb6  1-0

[Event "Yinzhou Cup CHN-USA"]
[Site "Ningbo CHN"]
[Date "2013.07.20"]
[Round "2.2"]
[White "Shankland,S"]
[Black "Wang Yue"]
[Result "0-1"]
[WhiteElo "2599"]
[BlackElo "2705"]

1.e4 c5 2.Nf3 e6 3.d4 cxd4 4.Nxd4 Nc6 5.Nc3 Qc7 6.Be3 a6 7.Be2 b5 8.Nxc6 Qxc6
9.Bf3 Bb7 10.e5 Qc7 11.Bxb7 Qxb7 12.Qd3 f5 13.O-O-O Ne7 14.f4 Rc8 15.Rd2 b4
16.Na4 Nd5 17.Nb6 Nxb6 18.Bxb6 Be7 19.Be3 Rc7 20.Rg1 O-O 21.h3 a5 22.Bd4 a4
23.Kb1 Rfc8 24.b3 axb3 25.cxb3 Bc5 26.Rc2 Bxd4 27.Rxc7 Qxc7 28.Qxd4 Qc2+
29.Ka1 h5 30.Rb1 Ra8 31.Qb2 Qd3 32.Qc1 Ra5 33.Rb2 Rd5 34.Qc8+ Kf7 35.Qc1 Qd4
36.h4 Qe4 37.Rc2 Rd3 38.Kb1 Qd5 39.Qb2 Rd1+ 40.Rc1 Rd2 41.Rc2 Qd3  0-1

[Event "6th Paleochora Open"]
[Site "Paleochora GRE"]
[Date "2013.07.20"]
[Round "2.13"]
[White "Bellos,I"]
[Black "Ashwin,J"]
[Result "0-1"]
[WhiteElo "1986"]
[BlackElo "2470"]

1.e4 c5 2.Nf3 e6 3.d4 cxd4 4.Nxd4 Nc6 5.Nc3 Qc7 6.Be3 a6 7.Bd3 Nf6 8.O-O Bd6
9.Nxc6 dxc6 10.f4 e5 11.f5 h5 12.h3 b5 13.a4 Rb8 14.Qe2 Qe7 15.axb5 cxb5
16.Bg5 Bb7 17.Kh1 Qc7 18.Bxf6 gxf6 19.Nd5 Bxd5 20.exd5 Qb6 21.b3 a5 22.c4 bxc4
23.bxc4 Ke7 24.Rfb1 Bb4 25.Bc2 h4 26.Qe4 Kd6 27.Rd1 Qc5 28.Ba4 Rbg8 29.Rd3 Qf2
30.Qf3 Qxf3 31.Rxf3 Rg5 32.Rc1 e4 33.Re3 Bd2 34.c5+ Ke5 35.Rce1 Bxe3 36.Rxe3 Kxd5
37.c6 Rxf5 38.c7 Rf1+ 39.Kh2 Rc1  0-1

[Event "6th Paleochora Open"]
[Site "Paleochora GRE"]
[Date "2013.07.20"]
[Round "2.27"]
[White "Kalofonos,P"]
[Black "Manigk,S"]
[Result "0-1"]
[WhiteElo "1902"]
[BlackElo "2237"]

1.e4 c5 2.Nf3 e6 3.Nc3 Nc6 4.d4 cxd4 5.Nxd4 Qc7 6.Be3 a6 7.Qd2 Nf6 8.O-O-O Be7
9.f3 O-O 10.g4 b5 11.g5 Nh5 12.Nce2 Nxd4 13.Nxd4 Bb7 14.Bh3 g6 15.Bg4 Ng7
16.h4 f5 17.gxf6 Bxf6 18.h5 gxh5 19.Bxh5 Nxh5 20.Rxh5 Rf7 21.Rdh1 Re8 22.Bg5 Be5
23.Qg2 Rg7 24.Ne2 Bf6 25.Rg1 Qe5 26.Bxf6 Qxf6 27.Qh1 Re7 28.Rh6 Rxg1+ 29.Qxg1+ Qg7
30.Qh2 Rf7 31.Rh3 Qf8 32.Rg3+ Kh8 33.Qg2 Rg7 34.Qh2 e5 35.Rxg7 Qxg7 36.c3 Qg5+
37.Kc2 d5 38.Qg3 Qxg3 39.Nxg3 dxe4 40.fxe4 Kg7 41.Kd3 Kg6 42.Ke3 Kg5 43.Nf1 Bc8
44.b3 h5 45.c4 bxc4 46.bxc4 Be6 47.Nd2 Kf6 48.a3 Ke7 49.c5 Kd7 50.Nf3 Kc6
51.Nxe5+ Kxc5 52.Kd3 h4 53.Kc3 h3 54.Nd3+ Kb5 55.Nf2 h2 56.Kd4 a5 57.Ke3 Ka4
58.Kf3 Kxa3 59.Kg2 Kb3 60.Nd3 Bc4 61.Nc5+ Kb4 62.Nb7 a4 63.Nd6 a3 64.Nf5 a2
65.Nd4 Kc3  0-1

[Event "6th Paleochora Open"]
[Site "Paleochora GRE"]
[Date "2013.07.20"]
[Round "3.8"]
[White "Phadke,So1"]
[Black "Tukhaev,A"]
[Result "1/2-1/2"]
[WhiteElo "2211"]
[BlackElo "2520"]

1.e4 c5 2.Nf3 e6 3.d4 cxd4 4.Nxd4 Nc6 5.Nc3 d6 6.Be3 a6 7.Bc4 Bd7 8.Bb3 b5
9.f4 b4 10.Na4 Nf6 11.f5 Nxd4 12.Qxd4 e5 13.Qc4 d5 14.exd5 Bb5 15.Qh4 Be7
16.Qg3 O-O 17.O-O-O Ne4 18.Qxe5  1/2-1/2